[Event "Titled Tuesday intern op 19th Dec Early"]
[Site "Chess.com INT"]
[Date "2023.12.19"]
[Round "4"]
[White "Kornyukov, Alexey"]
[Black "Cramling Bellon, Anna"]
[Result "0-1"]
[WhiteElo "2452"]
[BlackElo "2094"]
[PlyCount "70"]
[EventDate "2023.12.19"]
[EventType "swiss (blitz)"]
[EventRounds "11"]
[EventCountry "USA"]
[SourceTitle "CB52_2023"]
[SourceDate "2023.12.27"]
[SourceVersion "1"]
[SourceVersionDate "2023.12.27"]
[SourceQuality "1"]

1. e4 c5 2. Nf3 e6 3. c3 Nf6 4. e5 Nd5 5. d4 cxd4 6. cxd4 Nc6 7. Nc3 Nxc3 8. bxc3 d6 9. exd6 Bxd6 10. Bd3 Qa5 11. Bd2 Qh5 12. 0-0 Bd7 13. Rb1 b6 14. Re1 Na5 15. Be4 Rc8 16. d5 0-0 17. dxe6 Bxe6 18. h3 Rfd8 19. Ng5 Qxd1 20. Rbxd1 Bxa2 21. Bxh7+ Kh8 22. Bf5 Rc5 23. Bg4 Bb3 24. Rb1 Kg8 25. Ne4 Rd5 26. Be3 Bc2 27. Bg5 Bxb1 28. Bxd8 Bxe4 29. Rxe4 f5 30. Re8+ Kf7 31. Bh5+ g6 32. Bxg6+ Kxg6 33. Re6+ Kf7 34. Rf6+ Ke8 35. Rh6 Rd1# 0-1

[Event "Titled Tuesday intern op 19th Dec Early"]
[Site "Chess.com INT"]
[Date "2023.12.19"]
[Round "10"]
[White "Kornyukov, Alexey"]
[Black "Dilmukhametov, Artur"]
[Result "1-0"]
[WhiteElo "2452"]
[BlackElo "2276"]
[PlyCount "73"]
[EventDate "2023.12.19"]
[EventType "swiss (blitz)"]
[EventRounds "11"]
[EventCountry "USA"]
[SourceTitle "CB52_2023"]
[SourceDate "2023.12.27"]
[SourceVersion "1"]
[SourceVersionDate "2023.12.27"]
[SourceQuality "1"]

1. e4 c6 2. d4 d5 3. Nc3 dxe4 4. Nxe4 Bf5 5. Ng3 Bg6 6. h4 h6 7. h5 Bh7 8. Bc4 e6 9. Nf3 Nf6 10. Bf4 Nd5 11. Bxd5 cxd5 12. Qe2 Bd6 13. Qb5+ Qd7 14. Qxd7+ Kxd7 15. Bxd6 Kxd6 16. Ne5 Ke7 17. 0-0-0 Nc6 18. Nxc6+ bxc6 19. Rhe1 Rhc8 20. f4 c5 21. f5 cxd4 22. Rxd4 Rc5 23. c3 Ra5 24. a3 Rb8 25. fxe6 fxe6 26. Rg4 Kf6 27. Rf1+ Bf5 28. Rg6+ Kf7 29. Nxf5 exf5 30. Rxf5+ Kg8 31. Rd6 Rab5 32. b4 Rc8 33. Kb2 Re8 34. Kb3 Re2 35. Rd8+ Kh7 36. Rff8 g5 37. Rf7# 1-0